LEADER 00770nam0-22003011i-450- 001 990003272180403321 005 20031126165836.0 035 $a000327218 035 $aFED01000327218 035 $a(Aleph)000327218FED01 035 $a000327218 100 $a20030910d1969----km-y0itay50------ba 101 0 $aeng 105 $ay-------001yy 200 1 $a<>maltese islands$fCharles Owen 205 $a1nd ed. 210 $aGreat Britain$cDavid and Charles$d1969 215 $a190 p. 610 0 $aMalta 676 $a945.85 700 1$aOwen,$bCharles$0130169 801 0$aIT$bUNINA$gRICA$2UNIMARC 901 $aBK 912 $a990003272180403321 952 $a094.000.OWE$b2120$fDECGE 959 $aDECGE 996 $aMaltese islands$9451616 997 $aUNINA